000
00273nam a2200109Ia 4500
008
190216s9999||||xx |||||||||||||| ||und||
100
_a
Mansfield D
245
0
_a
Introduction To Topology
260
_b
New Age International Publishers
650
_a
Mathematics
942
_c
BK
999
_c
30604
_d
30604